000 00849nam a22002297a 4500
999 _c15680
_d15680
003 AR-CdUCM
008 190312b ||||| |||| 00| 0 spa d
040 _aMUNICIPALIDAD PROVINCIAL DEL CUSCO
_cBIBLIOTECA MUNICIPAL DEL CUSCO
082 _a869.634 /
_bR78 / 1948
100 _aRojas, Ángel F.
_915598
245 _aLa novela ecuatoriana /
260 _aBuenos Aires :
_bFondo de cultura económica,
_c1948.
300 _a234 páginas ;
_c17 cm.
440 _aColección tierra firme
_n34
_934833
500 _aDonación de la familia Nieto.
505 _aContenido: 1830 - 1895: la época, la obra -- !895-1925: la época, la obra -- 1925-1945: la época, la obra ...
650 _aNarrativa
_967
650 _aNovelas Siglo XIX-XX
_934834
650 _aAutores ecuatorianos
_915601
942 _2ddc
_cLIBROS
945 _arah
_d29/04/2019